Cuentas nacionales y análisis macroeconómico /
INCLUYE BIBLIOGRAFIA
Enregistré dans:
| Auteur principal: | |
|---|---|
| Autres auteurs: | |
| Format: | Livre |
| Collection: | DOCUMENTOS DE INVESTIGACION ;
38 |
| Sujets: | |
| Tags: |
Pas de tags, Soyez le premier à ajouter un tag!
|
MARC
| LEADER | 00000nam^a2200000^a^4500 | ||
|---|---|---|---|
| 001 | 000241058 | ||
| 005 | 20250521000000.0 | ||
| 009 | 20260310105200.193 | ||
| 035 | |a 059256 | ||
| 037 | |a Acervo Xavier Clavigero | ||
| 082 | |a 339. 3 |b HER | ||
| 100 | |a Reyes Heroles, Jesús |e (autor) | ||
| 245 | 1 | 0 | |a Cuentas nacionales y análisis macroeconómico / |c J. Reyes Heroles González Garza, J.J. Sidaoui Dib. |
| 264 | |a MEXICO : |b BANCO DE MEXICO, |c 1981 | ||
| 300 | |a 138 p. | ||
| 336 | |a texto |b txt |2 rdacontenido | ||
| 337 | |a sin mediación |b n |2 rdamedio | ||
| 338 | |a volumen |b nc |2 rdasoporte | ||
| 440 | |a DOCUMENTOS DE INVESTIGACION ; |v 38 | ||
| 520 | |a INCLUYE BIBLIOGRAFIA | ||
| 649 | |a XX | ||
| 650 | |a INGRESO NACIONAL. | ||
| 650 | |a Política Económica | ||
| 650 | |a Macroeconomía | ||
| 700 | |a Sidaoui Dib, José Julián |e (autor) | ||
| 910 | |a Fondo General | ||
| 920 | |a Impresos - Libros | ||
| 930 | |a Colección General | ||
| 905 | |a 101 | ||
| 901 | |a 059256 |b IT1 |c ACC |i 059256 |u 20250521 | ||
| 902 | |a https://opac.biblio.iteso.mx/vufind/Record/000241058 | ||